<?xml version="1.0" encoding="UTF-8"?>
<record
    xmlns:xsi="http://www.w3.org/2001/XMLSchema-instance"
    xsi:schemaLocation="http://www.loc.gov/MARC21/slim http://www.loc.gov/standards/marcxml/schema/MARC21slim.xsd"
    xmlns="http://www.loc.gov/MARC21/slim">

  <leader>01433nam a22002771  4500</leader>
  <controlfield tag="001">he 65000053 </controlfield>
  <controlfield tag="003">DLC</controlfield>
  <controlfield tag="005">20260227111427.0</controlfield>
  <controlfield tag="008">850919s1965    is a     b    00010 eng  </controlfield>
  <datafield tag="010" ind1=" " ind2=" ">
    <subfield code="a">he 65000053 //r85</subfield>
  </datafield>
  <datafield tag="040" ind1=" " ind2=" ">
    <subfield code="a">DLC/ICU</subfield>
    <subfield code="c">ICU</subfield>
  </datafield>
  <datafield tag="041" ind1="1" ind2=" ">
    <subfield code="a">engrus</subfield>
  </datafield>
  <datafield tag="050" ind1="0" ind2=" ">
    <subfield code="a">QL391.P9</subfield>
    <subfield code="b">U83</subfield>
  </datafield>
  <datafield tag="082" ind1="0" ind2=" ">
    <subfield code="a">595.170916652</subfield>
  </datafield>
  <datafield tag="100" ind1="1" ind2="0">
    <subfield code="a">Ushakov, Pavel Vladimirovich.</subfield>
  </datafield>
  <datafield tag="240" ind1="1" ind2="0">
    <subfield code="a">Mnogoshchetinkovye chervi dal&#x2B9;nevostochnykh more&#x12D; SSSR.</subfield>
    <subfield code="l">English</subfield>
  </datafield>
  <datafield tag="245" ind1="1" ind2="0">
    <subfield code="a">Polychaeta of the far eastern seas of the U.S.S.R.</subfield>
    <subfield code="b">(Mnogoshchetinkovye chervi dal&#x2B9;nevostochnykh more&#x12D; SSSR)</subfield>
    <subfield code="c">[by] P.V. Ushakov. Translated from the Russian [by Jean Salkind. Edited by Rae Finesilver].</subfield>
  </datafield>
  <datafield tag="260" ind1="0" ind2=" ">
    <subfield code="a">Jerusalem,</subfield>
    <subfield code="b">Israel Program for Scientific Translations</subfield>
    <subfield code="b">[available from the Office of Technical Services, U.S. Dept. of Commerce, Washington]</subfield>
    <subfield code="c">1965.</subfield>
  </datafield>
  <datafield tag="300" ind1=" " ind2=" ">
    <subfield code="a">ix, 419 p.</subfield>
    <subfield code="b">illus.</subfield>
    <subfield code="c">25 cm.</subfield>
  </datafield>
  <datafield tag="500" ind1=" " ind2=" ">
    <subfield code="a">At head of title: Akademiya nauk Soyuza Sovetskikh Sotsialisticheskikh Respublik, Academy of Sciences of the Union of Soviet Socialist Republics. Keys to the fauna of the U.S.S.R. published by the Zoological Institute of the Academy of Sciences of the U.S.S.R. no. 56.</subfield>
  </datafield>
  <datafield tag="500" ind1=" " ind2=" ">
    <subfield code="a">Published for the Smithsonian Institution and the National Science Foundation, Washington.</subfield>
  </datafield>
  <datafield tag="504" ind1=" " ind2=" ">
    <subfield code="a">Bibliography: p. 51-65.</subfield>
  </datafield>
  <datafield tag="650" ind1=" " ind2="0">
    <subfield code="a">Polychaeta.</subfield>
  </datafield>
  <datafield tag="710" ind1="2" ind2="0">
    <subfield code="a">National Science Foundation (U.S.)</subfield>
  </datafield>
  <datafield tag="710" ind1="2" ind2="0">
    <subfield code="a">Smithsonian Institution.</subfield>
  </datafield>
  <datafield tag="999" ind1=" " ind2=" ">
    <subfield code="c">30862</subfield>
    <subfield code="d">30862</subfield>
  </datafield>
</record>
